Vista normal
Vista MARC
Entrada Topical Term
Número de registros utilizados en: 1
001 - CONTROL NUMBER
- control field: 9418
003 - CONTROL NUMBER IDENTIFIER
- control field: OSt
005 - DATE AND TIME OF LATEST TRANSACTION
- control field: 20200827220302.0
008 - FIXED-LENGTH DATA ELEMENTS
- fixed length control field: 200827|| aca||aabn | a|a d
040 ## - CATALOGING SOURCE
- Original cataloging agency: OSt
- Transcribing agency: OSt
150 ## - HEADING--TOPICAL TERM
- Topical term or geographic name entry element: Lucha contra la corrupción
- Geographic subdivision: Colombia
670 ## - SOURCE DATA FOUND
- Source citation: Work cat.: (OSt)5924: Misas Arango, Gabriel, consultor 9417, La lucha anticorrupción en Colombia : , 2005